[Event "Madrid Alcorcon op 1st"]
[Site "Madrid"]
[Date "2022.12.30"]
[Round "9"]
[White "Munoz Xu, Lain"]
[Black "Perez Segoviano, Agustin"]
[Result "0-1"]
[WhiteElo "1111"]
[BlackElo "1493"]
[PlyCount "116"]
[EventDate "2022.12.26"]
[EventType "swiss"]
[EventRounds "9"]
[EventCountry "ESP"]
[SourceTitle "CBM 212 Extra"]
[Source "ChessBase"]
[SourceDate "2023.03.31"]
[SourceVersion "1"]
[SourceVersionDate "2023.03.31"]
[SourceQuality "1"]

1. e4 c5 2. c3 d5 3. exd5 Qxd5 4. Nf3 Nf6 5. d4 e6 6. Bd3 Be7 7. 0-0 0-0 8. Be3 Nc6 9. Nbd2 cxd4 10. cxd4 Bd7 11. b3 Rac8 12. Rc1 Ba3 13. Bc4 Qh5 14. Rc2 Rfd8 15. h3 Nb4 16. Rc3 b5 17. Qb1 h6 18. Ne5 Nbd5 19. Rd3 bxc4 20. bxc4 Nxe3 21. fxe3 Bd6 22. Nxd7 Rxd7 23. c5 Be7 24. Nf3 Rdc7 25. Ne5 Qg5 26. Rf3 Bxc5 27. dxc5 Qxe5 28. Rf1 Rxc5 29. Rfd1 Rd5 30. Qb7 Rcd8 31. Rxd5 Rxd5 32. Rxd5 Nxd5 33. Qxa7 Qxe3+ 34. Qxe3 Nxe3 35. Kf2 Nc4 36. a4 e5 37. Kf3 f5 38. Ke2 Kf7 39. Kd3 Nb2+ 40. Ke3 Nxa4 41. g4 f4+ 42. Ke4 g5 43. Kf3 Nc5 44. Ke2 e4 45. Kf2 Ke6 46. Ke2 Ke5 47. Kf2 Kd4 48. Ke2 Nb3 49. Kf2 Kd3 50. Ke1 e3 51. Kf1 Kd2 52. Kg2 Nd4 53. Kh2 e2 54. Kg2 f3+ 55. Kh2 f2 56. Kg2 f1Q+ 57. Kh2 Qf2+ 58. Kh1 e1Q# 0-1